000 00665nam a2200241Ia 4500
003 OSt
005 20221006164239.0
006 a|||||r|||| 00| 0
007 ta
008 221006b |||||||| |||| 00| 0 eng d
024 _a1,083
037 _cTextual
040 _aFML
_cFML
_beng
041 _2eng
_aeng
082 _aV2z7, Q0
100 _aJafri S Z H Au.
_9676940
245 0 _aConversations in Indian History
260 _aDelhi
_bAmbika Publishers, Distributors Pvt. Ltd
_c2010
300 _a573
_ccm.
700 _a Sinha A K Au.
_9676941
942 _hV2z7, Q0
_cTEXL
_2CC
999 _c1116631
_d1116631